000 00546nam a2200229Ia 4500
003 OSt
005 20221005125144.0
006 a|||||r|||| 00| 0
007 ta
008 221004b |||||||| |||| 00| 0 eng d
024 _a119660
037 _cTextual
040 _aCRL
_cCRL
_beng
041 _2eng
_aeng
082 _aZQ7, J5;K4
100 _aFyzee A A A
_9240451
245 0 _aOutline of muhammadan Law
260 _c1964
650 _aLAW
942 _hZQ7, J5;K4
_cTEXL
_2cc
999 _c1053113
_d1053113